Lesen - üben - sprechen <Ein> Übengsbuch zur deutschen Konversation

Saved in:
Bibliographic Details
Main Author: Lišková, Danuša
Other Authors: Kanisová, Zdenka, Richter, Manfred
Format: Book
Language:German
Slovak
Published: Bratislava Slov. ped. nakl. 1987
Edition:2. vyd.
Tags: Add Tag
No Tags, Be the first to tag this record!

MARC

LEADER 00000nam a2200000 4500
001 c024236
005 20230116104624.8
041 0 |a ger 
041 0 |a slo 
044 |a SK 
245 1 0 |a Lesen - üben - sprechen  |b <Ein> Übengsbuch zur deutschen Konversation  |c Danuša Lišková, Zdenka Kanisová, Manfred Richter 
250 |a 2. vyd. 
264 1 |a Bratislava  |b Slov. ped. nakl.  |c 1987 
300 |a 220 s. 
100 1 |a Lišková, Danuša 
700 1 |a Kanisová, Zdenka 
700 1 |a Richter, Manfred